[Event "Campomanes Mem WIM"]
[Site "Ankara TUR"]
[Date "2010.05.17"]
[Round "1"]
[White "Sop,S"]
[Black "Smokina,K"]
[Result "0-1"]
[WhiteElo "1963"]
[BlackElo "2194"]

1.e4 c5 2.Nf3 Nc6 3.Bb5 g6 4.O-O Bg7 5.Re1 e5 6.d3 Nge7 7.Be3 Nd4 8.Bc4 b5
9.Bb3 Nxb3 10.axb3 d6 11.Nc3 Bd7 12.Qd2 O-O 13.Bh6 a5 14.Bxg7 Kxg7 15.Ne2 Bc6
16.Ng3 h6 17.c3 f5 18.d4 f4 19.Nf1 Qc7 20.dxe5 dxe5 21.c4 b4 22.h4 Rfd8 23.Qe2 Bd7
24.Red1 Be6  0-1

[Event "Campomanes Mem WIM"]
[Site "Ankara TUR"]
[Date "2010.05.18"]
[Round "4"]
[White "Sop,S"]
[Black "Partac,E"]
[Result "1/2-1/2"]
[WhiteElo "1963"]
[BlackElo "2155"]

1.e4 c5 2.Nf3 Nc6 3.Bb5 g6 4.O-O Bg7 5.Re1 e5 6.Bxc6 dxc6 7.d3 Qe7 8.Nbd2 Nf6
9.Nc4 Nd7 10.a3 a5 11.a4 b6 12.b3 O-O 13.Bb2 Rd8 14.Qd2 Ba6 15.Bc3 Bxc4 16.bxc4 Nf8
17.Rab1 Qc7 18.Qc1 f6 19.Rb3 Ne6 20.Qb2 Rdb8 21.Rb1 Ra6 22.Qc1 Bf8 23.Bd2 Nd4
24.Nxd4 cxd4 25.c3 dxc3 26.Qxc3 Bb4 27.Qc1 Bxd2 28.Qxd2 c5 29.h4 Qc6 30.Ra3 Rd8
31.Qh6 Rf8 32.Qe3 f5 33.f3 f4 34.Qf2  1/2-1/2

[Event "Campomanes Mem WIM"]
[Site "Ankara TUR"]
[Date "2010.05.19"]
[Round "5"]
[White "Kaya,E"]
[Black "Smokina,K"]
[Result "1/2-1/2"]
[WhiteElo "2006"]
[BlackElo "2194"]

1.e4 c5 2.Nf3 Nc6 3.Bb5 Nf6 4.Nc3 g6 5.Bxc6 dxc6 6.d3 b6 7.h3 Bg7 8.Be3 Nd7
9.Qd2 h6 10.O-O e5 11.Nh2 g5 12.Ne2 Nf8 13.c3 Ne6 14.Rfd1 Nf4 15.d4 cxd4
16.Bxf4 exf4 17.Nxd4 c5 18.Nb5 Qxd2 19.Rxd2 O-O 20.Rad1 a6 21.Nc7 Ra7 22.Nd5 b5
23.h4  1/2-1/2

[Event "Campomanes Mem WIM"]
[Site "Ankara TUR"]
[Date "2010.05.19"]
[Round "6"]
[White "Partac,E"]
[Black "Soylemez,C"]
[Result "1/2-1/2"]
[WhiteElo "2155"]
[BlackElo "1935"]

1.e4 c5 2.Nf3 Nc6 3.Bb5 g6 4.O-O Bg7 5.Re1 Nf6 6.e5 Nd5 7.Nc3 Nc7 8.Bxc6 dxc6
9.Ne4 Ne6 10.d3 O-O 11.Be3 b6 12.Qd2 f6 13.exf6 exf6 14.Bh6 Ng5 15.Bxg7 Nxf3+
16.gxf3 Kxg7 17.Qf4 a5 18.Re2 Ra7 19.Rae1 Rd7 20.Ng3 Rdf7 21.b3 Qd5 22.Ne4 Qd4
23.c3 Qe5 24.Qxe5 fxe5 25.Ng5 Rf5 26.Rxe5 Kh6 27.h4 Kh5 28.Nxh7 Rh8 29.Nf6+ Kxh4
30.Kg2 Rg5+ 31.Kh2 Rf5 32.Rxf5 Bxf5  1/2-1/2

[Event "4th All China Games Rapid"]
[Site "Hefei CHN"]
[Date "2010.05.19"]
[Round "8"]
[White "Zhang Jilin"]
[Black "Zhang Xuan"]
[Result "1-0"]
[WhiteElo "2280"]
[BlackElo "2275"]

1.e4 c5 2.Nf3 Nc6 3.Bb5 e6 4.Bxc6 bxc6 5.d3 d5 6.O-O Ne7 7.b3 Ng6 8.Bb2 d4
9.e5 Ba6 10.Nbd2 Qc7 11.Re1 Be7 12.Qe2 O-O 13.Qe4 Rab8 14.a4 Rfd8 15.Re2 Bf8
16.Qg4 Ne7 17.Ne4 Ng6 18.Ba3 c4 19.Bxf8 Kxf8 20.dxc4 Nxe5 21.Nxe5 Qxe5 22.Rae1 c5
23.Ng5 Qf5 24.Qxf5 exf5 25.Nxh7+ Kg8 26.Ng5 f6 27.Ne6 Rdc8 28.Nf4 Rb7 29.Nd5 Rd8
30.Re6 Bxc4 31.bxc4 Rb2 32.Rc1 Ra2 33.Rc6 Rxa4 34.Rxc5 a5  1-0

[Event "Campomanes Mem WIM"]
[Site "Ankara TUR"]
[Date "2010.05.20"]
[Round "8"]
[White "Kaya,E"]
[Black "Partac,E"]
[Result "1/2-1/2"]
[WhiteElo "2006"]
[BlackElo "2155"]

1.e4 c5 2.Nf3 Nc6 3.Bb5 g6 4.O-O Bg7 5.c3 Nf6 6.Re1 O-O 7.d4 cxd4 8.cxd4 d5
9.e5 Ne4 10.Bxc6 bxc6 11.Nbd2 Nxd2 12.Bxd2 Qb6 13.Re3 Bg4 14.Bc3 f6 15.exf6 Bxf6
16.Qd2 Bxf3 17.Rxf3 Rab8 18.Rc1 Rf7 19.b3 Rbf8 20.Bb2 Bg7 21.Rxf7 Rxf7 22.Rc5 Rf6
23.Qe3 Kf7 24.g3 Re6 25.Qf3+ Bf6 26.Qc3 Qa6 27.Ra5 Qe2 28.Kg2 Qe4+ 29.Qf3 Qxf3+
30.Kxf3 Re4 31.Rc5 Bxd4 32.Bxd4 Rxd4 33.Rxc6 a5 34.Rc5 a4 35.bxa4  1/2-1/2

[Event "4th All China Games Rapid"]
[Site "Hefei CHN"]
[Date "2010.05.20"]
[Round "11"]
[White "Chen Yun"]
[Black "Zhang Xuan"]
[Result "1-0"]
[WhiteElo "2181"]
[BlackElo "2275"]

1.e4 c5 2.Nf3 Nc6 3.Bb5 e6 4.O-O Nge7 5.Re1 a6 6.Bf1 Ng6 7.c3 Be7 8.d4 cxd4
9.cxd4 d5 10.e5 O-O 11.Nc3 b5 12.Ne2 Bb7 13.Nf4 Rc8 14.Bd3 Qb6 15.Bb1 Rc7
16.Nxg6 hxg6 17.a3 Rfc8 18.Bf4 b4 19.a4 b3 20.h4 Bxh4 21.Nxh4 Qxd4 22.Qxd4 Nxd4
23.Be3 Nc2 24.Bxc2 Rxc2 25.Bd4 a5 26.Nf3 R8c4 27.Bc3 Rf4 28.Rac1 Rxc1 29.Rxc1 Rxa4
30.Nd4 Rc4 31.Nxb3 a4 32.Na5 Rc7 33.Ra1 Bc6 34.Nxc6 Rxc6 35.Rxa4 Kf8 36.Kf1 Ke7
37.Ke2 Kd7 38.Kd3 Rc7 39.Ra8  1-0

[Event "Campomanes Mem WIM"]
[Site "Ankara TUR"]
[Date "2010.05.21"]
[Round "10"]
[White "Partac,E"]
[Black "Patel,Y"]
[Result "1/2-1/2"]
[WhiteElo "2155"]
[BlackElo "1782"]

1.e4 c5 2.Nf3 Nc6 3.Bb5 g6 4.O-O Bg7 5.Re1 Nf6 6.e5 Nd5 7.Nc3 Nc7 8.Bxc6 dxc6
9.Ne4 Ne6 10.d3 O-O 11.Be3 b6 12.Qd2 f5 13.exf6 exf6 14.Bh6 Ng5 15.Bxg7 Nxf3+
16.gxf3 Kxg7 17.Qf4 Qd4 18.b3 Bb7 19.Qg3 Rad8 20.Rad1 h6 21.Kh1 Bc8 22.Re2 Rf7  1/2-1/2

[Event "Municipality Cup"]
[Site "Tbilisi GEO"]
[Date "2010.05.23"]
[Round "9"]
[White "Shanava,K"]
[Black "Gvetadze,Sopi"]
[Result "1-0"]
[WhiteElo "2557"]
[BlackElo "2363"]

1.e4 c5 2.Nf3 Nc6 3.Bb5 g6 4.O-O Bg7 5.c3 Nf6 6.Qe2 O-O 7.Rd1 a6 8.Bxc6 bxc6
9.d4 cxd4 10.cxd4 a5 11.Nc3 a4 12.Bg5 Re8 13.Rac1 Bb7 14.h3 Qa5 15.Qe3 d6
16.Bh6 Rac8 17.Bxg7 Kxg7 18.e5 Nd5 19.Qe4 a3 20.b4 Qxb4 21.Nxd5 cxd5 22.Qf4 Rxc1
23.Rxc1 Rc8 24.Re1 h6 25.Re3 Ba6 26.Kh2 Bb5 27.e6 f6 28.Nh4 g5 29.Nf5+ Kf8
30.Qf3 Be8 31.Rb3 Qc4 32.Rb7 Rc7 33.Ne3 Qc6 34.Rb8 Rc8 35.Qf5 Kg7 36.Qb1 Bg6
37.Qb7 Qxb7 38.Rxb7 Kf8 39.f3 Be8 40.Nf5 Rc2 41.Nxe7 Re2 42.Nxd5 Rxe6 43.Ra7 Bf7
44.Rxa3 f5 45.Ra8+ Kg7 46.a4 Re2 47.Nb6 Rd2 48.Rc8 Rxd4 49.Rc1 Rd2 50.Ra1 Bd5
51.Nxd5 Rxd5 52.a5 Rc5 53.a6 Rc8 54.a7 Ra8 55.Kg3 Kf7 56.Kf2 Ke6 57.Ke3 Kd5
58.Kd3 f4 59.Ra5+ Kc6 60.Kd4 Kb6 61.Ra1 Kc6 62.Ra2 Kb6 63.Kd5 Kc7 64.Ke6 Kc6
65.Rc2+ Kb5 66.Rc7 Kb6 67.Kxd6 Rg8 68.Rf7 Rc8 69.Ke6 Rd8 70.Kf6 Kc5 71.Kg6 Kd4
72.Rd7+ Rxd7 73.a8=Q Rd6+ 74.Kh5 Ke3 75.Qa3+ Rd3 76.Qc5+ Ke2 77.Kxh6  1-0

[Event "2nd SCS Open"]
[Site "Bhubaneswar IND"]
[Date "2010.05.24"]
[Round "5"]
[White "Girinath,P"]
[Black "Maletin,P"]
[Result "0-1"]
[WhiteElo "2389"]
[BlackElo "2584"]

1.e4 c5 2.Nf3 Nc6 3.Bb5 g6 4.O-O Bg7 5.c3 a6 6.Ba4 e5 7.d4 cxd4 8.cxd4 exd4
9.Bf4 Nge7 10.Bd6 O-O 11.Na3 b5 12.Bb3 Na5 13.Rc1 Nxb3 14.Qxb3 Bb7 15.Rfe1 h6
16.Nc2 Re8 17.Ncxd4 Nc6 18.Nxc6 Bxc6 19.e5 Qb6 20.Nd2 Rac8 21.Qd3 Qb7 22.Qg3 Bd5
23.a3 Rc6 24.Nb1 Rec8 25.Nc3 Be6 26.Rcd1 Rc4 27.h3 a5 28.Qd3 Kh7 29.Rd2 b4
30.axb4 axb4 31.Nd5 b3 32.g4 Rc2 33.Nc3 h5 34.Rxc2 bxc2 35.Qxc2 hxg4 36.hxg4 Bxg4
37.Re4 Bf5 38.Rh4+ Kg8 39.Qd2 Be6 40.Ne4 Rc4 41.Nf6+ Bxf6 42.Rxc4 Bxc4 43.exf6 Qf3
44.Qf4 Qd1+ 45.Kh2 Bd5 46.f3 Bxf3 47.Kg3 Bd5 48.Bc5 Qb3+ 49.Be3 Qxb2 50.Qd4 Qg2+
51.Kf4 d6 52.Bf2 Qf3+ 53.Kg5 Qf5+ 54.Kh4 g5+  0-1

[Event "BSG Pinkster GpA"]
[Site "Bossum NED"]
[Date "2010.05.24"]
[Round "7"]
[White "De Groote,E"]
[Black "Otte,Mari"]
[Result "1/2-1/2"]
[WhiteElo "2239"]
[BlackElo "2314"]

1.e4 c5 2.Nf3 Nc6 3.Bb5 Qb6 4.Nc3 e6 5.Bxc6 dxc6 6.d3 Qc7 7.O-O e5 8.Ne2 g6
9.Ne1 Be6 10.f4 f6 11.fxe5 fxe5 12.Nf3 h6 13.b3 Bg7 14.Bb2 Ne7 15.Qe1 g5
16.Ng3 O-O 17.Qe3 Ng6 18.Qxc5 b6 19.Qe3 c5 20.h3 Nf4 21.Ne2 Rae8 22.Kh2 Qe7
23.Nxf4 exf4 24.Qc1 Bxb2 25.Qxb2 g4 26.hxg4 Bxg4 27.Rf2 Rf7 28.Rh1 Bxf3 29.Rxf3 Qh4+
30.Rh3 Qf2 31.Rg1 Re6 32.Qc3 Rg6 33.Qc4 Kf8 34.Rf3 Qh4+ 35.Rh3  1/2-1/2

[Event "Maia Chiburdanidze Cup"]
[Site "Tbilisi GEO"]
[Date "2010.05.26"]
[Round "2"]
[White "Melia,S"]
[Black "Umudova,N"]
[Result "1/2-1/2"]
[WhiteElo "2466"]
[BlackElo "2214"]

1.e4 c5 2.Nf3 Nc6 3.Bb5 g6 4.O-O Bg7 5.Re1 Nh6 6.c3 O-O 7.d4 d5 8.Bxc6 bxc6
9.e5 Qb6 10.h3 f6 11.e6 Nf5 12.b3 Nd6 13.Ba3 Ne4 14.dxc5 Nxc5 15.Nd4 f5 16.Bxc5 Qxc5
17.b4 Qb6 18.Na3 a5 19.Nac2 c5 20.bxc5 Qxc5 21.Re3 Ra6 22.Qd3 f4 23.Rf3 Rd6
24.Re1 Rf6 25.Nb3 Qb6 26.Nbd4 Qc5 27.Nb3 Qb6 28.Ncd4 a4 29.Nd2 Rf8 30.Rb1 Qc5
31.Rb8 Ba6 32.Rxf8+ Bxf8 33.Qc2 Bg7 34.Qxa4 Qc8 35.N2b3 g5 36.Qa5 Bc4 37.Nc5 Qb8
38.Kh2 Bf6 39.Nd7 Qc8 40.Nxf6+ exf6 41.h4 Ra6 42.Qb4 Qc7 43.hxg5 fxg5 44.Rh3 Rxa2
45.e7 f3+ 46.Rg3 Kf7 47.Ne6 Qe5 48.Nxg5+ Ke8 49.Nxf3 Qf4 50.Qc5 Ra6 51.Ng5 Rg6
52.Nh3 Qe5 53.f4 Qe4 54.Qc8+ Kxe7 55.Qc7+ Ke8 56.Qb8+ Kd7 57.Qa7+ Kc8 58.Rxg6 hxg6
59.Qf2 Qd3 60.Qe1 Kd7 61.Ng5 Qf5 62.Qe3 Bd3 63.Kg3 Bc2 64.Nf3 Be4 65.Qa7+ Ke8
66.Qb8+ Ke7 67.Nd4 Qd7 68.Qe5+ Kf7 69.Qh8 Qd6 70.Qh7+ Kf6 71.Qh4+ Kf7 72.Kh2 Qf6
73.Qg3 Qh8+ 74.Kg1 Qh5 75.Qe1 Qg4 76.Qd2 Kf6 77.Nc6 Ke6 78.Qf2 g5 79.Nd4+ Kf6
80.fxg5+ Kxg5 81.Qd2+ Kg6 82.Nc6 Qg3 83.Nd4 Qg4 84.Nc6 Qg3 85.Nd4 Qg4 86.Qe2 Qg3
87.Nb5 Kg5 88.Qd2+ Kg6 89.Na3 d4 90.Nb5 dxc3 91.Nxc3 Qxg2+ 92.Qxg2+ Bxg2
93.Kxg2  1/2-1/2

[Event "STG Matches"]
[Site "Warsaw POL"]
[Date "2010.05.26"]
[Round "3"]
[White "Socko,M"]
[Black "Macieja,B"]
[Result "1/2-1/2"]
[WhiteElo "2485"]
[BlackElo "2618"]

1.e4 c5 2.Nf3 Nc6 3.Bb5 Nf6 4.e5 Nd5 5.O-O Nc7 6.Bc4 g6 7.c3 Bg7 8.d4 cxd4
9.cxd4 d6 10.Qe2 O-O 11.Rd1 Bg4 12.Bf4 Ne6 13.Be3 dxe5 14.dxe5 Qc8 15.Nbd2 Nxe5
16.Bd5 Qc2 17.Bxb7 Bxf3 18.gxf3 Rad8 19.Be4 Qxb2 20.Qa6 Nd7 21.Rab1 Qf6 22.Qxa7 Ne5
23.Qa6 Rd6 24.Rb6 Nf4 25.Rxd6 Qg5+ 26.Kf1 exd6 27.Bxf4 Qxf4 28.Qxd6 Qxh2
29.Ke2 Re8 30.Nf1 Qh3 31.Ne3 Bh6 32.Nd5 Kh8 33.Nf6 Bf8 34.Qd5 Re6 35.Qa8 Kg7
36.Ne8+ Kh6 37.Nc7 Kg7 38.Nxe6+ Qxe6 39.Qd5 Qa6+ 40.Bd3 Qf6 41.a4 Bb4 42.Be4 h5
43.Rb1 Bc3 44.Rc1 Bb2 45.Rc2 Ba1 46.Ra2 Bc3 47.Ra3 Nxf3 48.Kd3 Bb2 49.Rb3 Ne5+
50.Ke2 Ba1 51.a5 Qa6+ 52.Bd3 Nxd3 53.Rxd3 Bc3 54.Kf3 Qxa5 55.Qxa5 Bxa5 56.Rd6 Bc3  1/2-1/2

[Event "XXIX Open A"]
[Site "Zalakaros HUN"]
[Date "2010.05.26"]
[Round "1"]
[White "Greeff,M"]
[Black "Rigo,Ja"]
[Result "1-0"]
[WhiteElo "2075"]
[BlackElo "2340"]

1.e4 c5 2.Nf3 Nc6 3.Bb5 e6 4.Bxc6 bxc6 5.d3 d6 6.O-O e5 7.h3 Ne7 8.c3 Ng6
9.d4 cxd4 10.cxd4 Ba6 11.Re1 Be7 12.Qc2 Rc8 13.Be3 O-O 14.Nc3 Qc7 15.Rac1 Qa5
16.a3 Bc4 17.dxe5 dxe5 18.Na4 Bb5 19.Nc5 Rfe8 20.a4 Bxc5 21.Bxc5 Qxa4 22.b3 Qa5
23.Ra1 Bd3 24.Qc1 Qb5 25.Qc3 Rb8 26.Bxa7 Qxb3 27.Qxc6 Rbc8 28.Qb6 Qxb6 29.Bxb6 Rc4
30.Nd2 Rc2 31.Nf1 Nf4 32.Ng3 g6 33.Rac1 Rxc1 34.Rxc1 Bxe4 35.Nxe4 Rb8 36.Rc6 Nd5
37.Nf6+ Nxf6 38.Rxf6 Kg7 39.Rc6 g5 40.Bc7 Rb5 41.Bd8 h6 42.Bf6+ Kh7 43.Be7 Kg7
44.Kh2 Rd5 45.h4 gxh4 46.Kh3 e4 47.Kxh4 Rf5 48.Bc5 f6 49.Be3 Kg6 50.g4 Rd5
51.Re6  1-0

[Event "2nd SCS Open"]
[Site "Bhubaneswar IND"]
[Date "2010.05.29"]
[Round "10"]
[White "Ibrayev,N"]
[Black "Vorobiov,E"]
[Result "1-0"]
[WhiteElo "2390"]
[BlackElo "2612"]

1.e4 c5 2.Nf3 Nc6 3.Bb5 e6 4.c3 d5 5.d3 Qc7 6.Qe2 Nf6 7.Bg5 a6 8.Ba4 dxe4
9.dxe4 Nd7 10.Nbd2 b5 11.Bc2 Bd6 12.a4 Rb8 13.axb5 axb5 14.Bh4 Nde5 15.Bg3 Bd7
16.Nxe5 Bxe5 17.Nf3 Bxg3 18.hxg3 Ne7 19.Qe3 e5 20.Qg5 Ng6 21.Nd2 h6 22.Qh5 O-O
23.Nf1 Ra8 24.Rb1 b4 25.Ne3 bxc3 26.bxc3 Qa5 27.O-O Qxc3 28.Bb3 Rab8 29.Rfc1 Qd4
30.Rd1 Qxe4 31.Bxf7+ Rxf7 32.Rxb8+ Kh7 33.Rb6 Re7 34.Rxg6  1-0

[Event "AES Dominicana"]
[Site "Santo Domingo DOM"]
[Date "2010.06.03"]
[Round "2"]
[White "Montes de Oca,A"]
[Black "Martinez Duany,L"]
[Result "0-1"]
[WhiteElo "2265"]
[BlackElo "2515"]

1.e4 c5 2.Nf3 Nc6 3.Bb5 e6 4.O-O Nge7 5.c3 a6 6.Ba4 b5 7.Bc2 Bb7 8.d3 d5
9.Nbd2 Ng6 10.Re1 Be7 11.Nf1 dxe4 12.dxe4 Qc7 13.Ng3 O-O 14.e5 Rad8 15.Qe2 Na5
16.b3 Bxf3 17.gxf3 Nc6 18.f4 b4 19.Be4 bxc3 20.Qxa6 Nd4 21.Be3 Nh4 22.Rec1 f5
23.Qb7 Qxb7 24.Bxb7 c2 25.Ba6 g5 26.Ne2 Nhf3+ 27.Kh1 h6 28.Ng1 gxf4 29.Bxf4 Bg5
30.Bxg5 Nxg5 31.f4 Ne4 32.Kg2 Kf7 33.Kf1 Rg8 34.Bb7 Rxg1+ 35.Kxg1 Ne2+ 36.Kg2 Nxc1  0-1

[Event "1st Open"]
[Site "Di Roseto ITA"]
[Date "2010.06.05"]
[Round "2"]
[White "Bove,A"]
[Black "Sveshnikov,E"]
[Result "1-0"]
[WhiteElo "2346"]
[BlackElo "2493"]

1.e4 c5 2.Nf3 Nc6 3.Bb5 e6 4.O-O Nge7 5.b3 a6 6.Bxc6 Nxc6 7.Bb2 b5 8.Na3 d5
9.exd5 exd5 10.Re1+ Be6 11.d4 Be7 12.dxc5 O-O 13.Nd4 Qd7 14.Nxc6 Qxc6 15.b4 a5
16.Qd3 axb4 17.Nxb5 Rfc8 18.Qg3 Bf8 19.Nd6 Rc7 20.Bd4 Rca7 21.f4 Bd7 22.Re3 Ra4
23.Rd1 b3 24.Bxg7 Bxg7 25.cxb3 Qxc5 26.bxa4 Qxd6 27.f5 Qb6 28.a5 Qc6 29.Red3 Rxa5
30.f6 Qxf6 31.Qb8+ Bf8 32.Rg3+ Qg6 33.Rxg6+ hxg6 34.Qc7 Bf5 35.Rf1 Bc5+ 36.Kh1 Ra7
37.Qxc5  1-0

[Event "3rd Mayor's Cup"]
[Site "Mumbai IND"]
[Date "2010.06.05"]
[Round "5"]
[White "Dzhumaev,M"]
[Black "Yashas,D"]
[Result "1/2-1/2"]
[WhiteElo "2495"]
[BlackElo "2204"]

1.e4 c5 2.Nf3 Nc6 3.Bb5 g6 4.O-O Bg7 5.c3 Nf6 6.Re1 O-O 7.e5 Nd5 8.d4 cxd4
9.cxd4 d6 10.Nc3 Nxc3 11.bxc3 Bg4 12.exd6 Qxd6 13.a4 Rfe8 14.h3 Bxf3 15.Qxf3 e6
16.Rb1 Qd5 17.Be2 b6 18.Qxd5 exd5 19.Bf4 Nd8 20.Bf3 Ne6 21.Bd2 Red8 22.a5 Rab8
23.axb6 axb6 24.Rb2 Bf6 25.Reb1 Rd6 26.g3 Bg5 27.Be1 h5 28.h4 Bh6 29.Kf1 Nc7
30.Ra1 Ne6 31.Ke2 Nc7 32.Kd3 Ra8 33.Rxa8+ Nxa8 34.Ra2 Nc7 35.Ra7 Ne6 36.Bd1 Kg7
37.f4 Nd8 38.Ba4 Kf6 39.Bd2 Nc6 40.Rc7 Ne7 41.Bd7 Kg7 42.Bc1 Nf5 43.Bxf5 gxf5
44.Bd2 Kg6 45.Be1 Kf6 46.Bf2 Ke6 47.c4 dxc4+ 48.Kxc4 Bg7 49.Rc8 b5+ 50.Kd3 Ra6
51.Rc5 Ra3+ 52.Kd2 b4 53.Rb5 Ra2+ 54.Ke1 Ra1+ 55.Ke2 Ra2+ 56.Ke1 Ra1+ 57.Ke2 Ra2+
58.Ke1 Ra1+  1/2-1/2

[Event "3rd Mayor's Cup"]
[Site "Mumbai IND"]
[Date "2010.06.06"]
[Round "6"]
[White "Kravtsiv,M"]
[Black "Joshi,GB"]
[Result "1/2-1/2"]
[WhiteElo "2546"]
[BlackElo "2293"]

1.e4 c5 2.Nf3 Nc6 3.Bb5 g6 4.O-O Bg7 5.c3 e5 6.d3 Nge7 7.Be3 d6 8.d4 exd4
9.cxd4 O-O 10.Nc3 Qb6 11.dxc5 dxc5 12.Qd6 Nd4 13.Qxe7 Bf6 14.Nd5 Bxe7 15.Nxb6 Nxf3+
16.gxf3 axb6 17.Rfd1 Be6 18.a3 Bf6  1/2-1/2

[Event "3rd Mayor's Cup"]
[Site "Mumbai IND"]
[Date "2010.06.06"]
[Round "6"]
[White "Yashas,D"]
[Black "Roy Chowdhury,S"]
[Result "1/2-1/2"]
[WhiteElo "2204"]
[BlackElo "2473"]

1.e4 c5 2.Nf3 Nc6 3.Bb5 e6 4.b3 Nge7 5.Bb2 Ng6 6.Bxc6 bxc6 7.e5 Be7 8.Nc3 c4
9.Ne4 Ba6 10.g3 c5 11.h4 h5 12.Nfg5 Qb8 13.f4 Qb7 14.Qf3 Qc6 15.Nd6+ Bxd6  1/2-1/2

[Event "3rd Mayor's Cup"]
[Site "Mumbai IND"]
[Date "2010.06.06"]
[Round "7"]
[White "Dzhumaev,M"]
[Black "Maletin,P"]
[Result "0-1"]
[WhiteElo "2495"]
[BlackElo "2584"]

1.e4 c5 2.Nf3 Nc6 3.Bb5 g6 4.O-O Bg7 5.c3 Nf6 6.Re1 O-O 7.e5 Nd5 8.d4 cxd4
9.cxd4 d6 10.Nc3 Be6 11.Bxc6 Nxc3 12.bxc3 bxc6 13.Ba3 Bd5 14.Rb1 Bxa2 15.Rb7 Bd5
16.Qa4 c5 17.exd6 exd6 18.Rd7 Qf6 19.dxc5 Bxf3 20.gxf3 dxc5 21.Qe4 Qxc3 22.Re3 Qa1+
23.Kg2 Bd4 24.Rc7 Bxe3 25.Qxe3 Qd4 26.Qc1 Rac8 27.Bb2 Qxb2 28.Qxb2 Rxc7 29.h4 h5
30.f4 c4 31.f5 c3 32.Qc2 Kh7 33.Kf1 Rd8 34.Ke1 Rd2 35.Qc1 gxf5 36.Kf1 c2
37.Kg2 Rd1  0-1

[Event "3rd Mayor's Cup"]
[Site "Mumbai IND"]
[Date "2010.06.06"]
[Round "7"]
[White "Kasparov,S"]
[Black "Yashas,D"]
[Result "1-0"]
[WhiteElo "2504"]
[BlackElo "2204"]

1.e4 c5 2.Nf3 Nc6 3.Bb5 g6 4.Bxc6 bxc6 5.O-O Bg7 6.Re1 Nh6 7.c3 O-O 8.d4 cxd4
9.cxd4 f6 10.Nc3 Nf7 11.h3 d6 12.Qc2 Bd7 13.Be3 Re8 14.Rad1 Qa5 15.Nd2 Qh5
16.Nf1 g5 17.Ng3 Qg6 18.Qe2 e6 19.Nh5 Bh8 20.f4 h6 21.e5 f5 22.Bf2 d5 23.h4 Rec8
24.hxg5 hxg5 25.fxg5 Nxg5 26.Rd3 Kf7 27.Rg3 Rg8 28.Be3 Qh6 29.Na4 Rae8 30.Nc5 Bc8
31.Rf1 Ke7 32.Rf4 Qf8 33.Rh4 Nh7 34.Rhh3 Rxg3 35.Rxg3 Qf7 36.Nf4 Rg8 37.Rxg8 Qxg8
38.Qh5 Nf8 39.Bf2 Kd8 40.Bh4+ Kc7 41.Qe8 Qg7 42.Qxf8 Qg4 43.Qd6+  1-0

[Event "1st Open"]
[Site "Di Roseto ITA"]
[Date "2010.06.08"]
[Round "5"]
[White "Rombaldoni,Ax"]
[Black "Sveshnikov,V"]
[Result "1-0"]
[WhiteElo "2436"]
[BlackElo "2382"]

1.e4 c5 2.Nf3 Nc6 3.Bb5 e6 4.O-O Nge7 5.Re1 a6 6.Bf1 Ng6 7.d4 cxd4 8.Nxd4 Qc7
9.c4 Bd6 10.g3 O-O 11.Nc3 Nxd4 12.Qxd4 Ne5 13.Qd1 b6 14.f4 Bc5+ 15.Kh1 Nc6
16.Bg2 Bb7 17.a3 Bd4 18.Ne2 Bf6 19.Ra2 b5 20.cxb5 axb5 21.b4 Nxb4 22.Rd2 Na6
23.Rxd7 Rfd8 24.Rxc7 Rxd1 25.Rxd1 Nxc7 26.Rd7 Bd8 27.Nd4 Rc8 28.Bd2 Kf8 29.Nxb5 Bc6
30.Rxf7+ Kg8 31.Bb4 Nxb5  1-0

[Event "3rd Mayor's Cup"]
[Site "Mumbai IND"]
[Date "2010.06.08"]
[Round "9"]
[White "Neelotpal,D"]
[Black "Sauravh,K"]
[Result "1-0"]
[WhiteElo "2453"]
[BlackElo "2316"]

1.Nf3 c5 2.e4 Nc6 3.Bb5 Nf6 4.Nc3 g6 5.e5 Ng4 6.Bxc6 dxc6 7.h3 Nh6 8.g4 Bg7
9.d3 O-O 10.Be3 f5 11.g5 Nf7 12.Bf4 Be6 13.Qe2 Qb6 14.O-O-O Qa5 15.h4 b5
16.h5 b4 17.Nb1 Bd5 18.Nh4 Bxh1 19.Rxh1 c4 20.hxg6 Nxe5 21.gxh7+ Kf7 22.d4 Qd5
23.Re1 Qxd4 24.Qh5+ Ke6 25.Ng6 Qxf2 26.Qh1 b3 27.axb3 cxb3 28.Qxc6+ Kf7 29.Nxe5+ Bxe5
30.g6+ Kg7 31.h8=B+ Rxh8 32.Bxe5+ Kh6 33.Qh1+ Kxg6 34.Rg1+ Kf7 35.Qd5+ Ke8
36.Qxa8+ Kd7 37.Rd1+  1-0

[Event "1st Open"]
[Site "Di Roseto ITA"]
[Date "2010.06.09"]
[Round "6"]
[White "Ori,M"]
[Black "Ansell,S"]
[Result "0-1"]
[WhiteElo "2106"]
[BlackElo "2384"]

1.e4 c5 2.Nf3 Nc6 3.Bb5 d6 4.O-O Bd7 5.Re1 Nf6 6.Nc3 e5 7.Nd5 Be7 8.c3 O-O
9.d4 cxd4 10.cxd4 Nxd5 11.exd5 Nxd4 12.Nxd4 exd4 13.Bxd7 Qxd7 14.Qxd4 Bf6
15.Qb4 a5 16.Qa3 b5 17.Bf4 b4 18.Qg3 Bxb2 19.Rab1 Bc3 20.Re3 Bd2 21.Rf3 Qf5
22.Rd1 Bxf4 23.Rxf4 Qe5 24.Qf3 Rac8 25.h4 Rc3 26.Qg4 h5 27.Qf5 Qxf5 28.Rxf5 Rc2
29.Ra1 Rfc8  0-1

[Event "TCh-CHN"]
[Site "Shenzhan CHN"]
[Date "2010.06.09"]
[Round "6"]
[White "Wang Chen"]
[Black "Wang Hao"]
[Result "1/2-1/2"]
[WhiteElo "2390"]
[BlackElo "2715"]

1.e4 c5 2.Nf3 Nc6 3.Bb5 g6 4.O-O Bg7 5.c3 Nf6 6.Qe2 O-O 7.Rd1 Qb6 8.e5 Nd5
9.Bc4 Nc7 10.d4 cxd4 11.cxd4 d5 12.Bb3 Bg4 13.Be3 f6 14.Nbd2 Na5 15.exf6 Rxf6
16.Rac1 Nxb3 17.axb3 Ne6 18.Rc3 Raf8 19.h3 Bxf3 20.Nxf3 Rf5 21.Rcd3 a6 22.Re1 R5f7
23.Red1 Qb5 24.Bh6 Qb6 25.Bxg7 Nf4 26.Qe3 Kxg7 27.Ng5 Nxd3 28.Rxd3 Qd6 29.Ne6+ Kg8
30.Nxf8 Rxf8 31.Rc3 Rf6 32.Qh6 Qd7 33.Qc1 Qf5 34.Rf3 Rc6 35.Qh6 Qc8 36.Qg5 Qd7
37.h4 Re6 38.h5 Qd6 39.g3 Kg7 40.h6+ Kg8 41.Rf5 Re1+ 42.Kh2 Qe6 43.Rxd5 Qe4
44.Rd8+ Kf7 45.Qf4+ Qxf4 46.gxf4 Re2 47.Kg2 Rxb2 48.Rh8 Rxb3 49.Rxh7+ Kg8
50.Rg7+ Kh8 51.Rxe7 a5 52.d5 Rd3 53.Rxb7 Rxd5 54.Ra7  1/2-1/2

[Event "1st Open"]
[Site "Di Roseto ITA"]
[Date "2010.06.10"]
[Round "7"]
[White "Rombaldoni,Ax"]
[Black "Pap,M"]
[Result "0-1"]
[WhiteElo "2436"]
[BlackElo "2504"]

1.e4 c5 2.Nf3 Nc6 3.Bb5 g6 4.O-O Bg7 5.Re1 e5 6.c3 Nge7 7.a3 O-O 8.b4 d6
9.d3 a6 10.Ba4 b5 11.Bb3 a5 12.bxc5 dxc5 13.a4 b4 14.Be3 Qd6 15.Nfd2 Nd8
16.Nc4 Qc7 17.cxb4 axb4 18.a5 Ba6 19.Nb6 Ra7 20.Qc2 Nb7 21.Nd2 Nc6 22.Nd5 Qb8
23.Ba4 Ncxa5 24.Nb3 Nxb3 25.Bxb3 Qd6 26.Nxb4 cxb4 27.Bxa7 Bxd3 28.Qd2 Rd8
29.Red1 Qf8 30.Qe3 Bh6 31.Qf3 Bb5 32.Rxd8 Nxd8 33.Ra5 Qe8 34.Bb6 Ne6 35.Bxe6 fxe6
36.Bc5 Qc6 37.Qf6 Qxc5 38.Qxe6+ Kg7 39.h4 Bf4 40.Ra1 Bc4 41.Qd7+ Bf7 42.h5 gxh5
43.g3 Bxg3 44.Qf5 Bg6 45.Qf3 Bf4 46.Rd1 Qc3 47.Qe2 Qh3 48.f3 b3 49.Rb1 Bf7
50.Rb2 Bc1  0-1

[Event "9th TCh-BIH Premier"]
[Site "Bihac BIH"]
[Date "2010.06.11"]
[Round "7"]
[White "Arapovic,V"]
[Black "Kurajica,B"]
[Result "1/2-1/2"]
[WhiteElo "2366"]
[BlackElo "2548"]

1.e4 c5 2.Nf3 Nc6 3.Bb5 e6 4.O-O Nge7 5.Re1 a6 6.Bf1 d5 7.exd5 Qxd5 8.Nc3 Qd8
9.d3 Nf5 10.Bg5 f6 11.Nh4 Nd6 12.Bd2 Be7 13.g3 O-O 14.Bg2  1/2-1/2

[Event "ch-PAR"]
[Site "Asuncion URU"]
[Date "2010.06.12"]
[Round "1"]
[White "Alarcon,J"]
[Black "Villalba,M"]
[Result "1-0"]
[WhiteElo "1786"]
[BlackElo "2127"]

1.e4 c5 2.Nf3 Nc6 3.Bb5 g6 4.O-O Bg7 5.Bxc6 bxc6 6.Nc3 d6 7.e5 Bg4 8.exd6 Qxd6
9.h3 Bf5 10.g4 Be6 11.Ne4 Qc7 12.Nxc5 Bd5 13.d3 h5 14.g5 Qd6 15.Be3 f5 16.c4 Bf7
17.Qa4 e5 18.d4 exd4 19.Nxd4 Qxc5 20.Nxf5 Qxf5 21.Qxc6+ Qd7 22.Qxa8+ Qd8
23.Qxa7 Ne7 24.Rad1 Qc8 25.Bc5 Nc6 26.Rfe1+ Be5 27.Rxe5+ Be6 28.Qg7  1-0

[Event "ch-PAR"]
[Site "Asuncion URU"]
[Date "2010.06.12"]
[Round "2"]
[White "Toledo,O"]
[Black "Gomez Harika,M"]
[Result "0-1"]
[WhiteElo "1769"]
[BlackElo "1605"]

1.e4 c5 2.Nf3 Nc6 3.Bb5 Nf6 4.Nc3 a6 5.Bxc6 bxc6 6.d3 e6 7.Ne2 d5 8.e5 Nd7
9.c3 Be7 10.O-O O-O 11.d4 a5 12.Be3 Ba6 13.Re1 Bxe2 14.Qxe2 c4 15.Qc2 Re8
16.Nd2 c5 17.Nf3 h6 18.Nd2 Qc7 19.f4 g6 20.Nf3 Bf8 21.Qf2 cxd4 22.Bxd4 Nc5
23.Bxc5 Bxc5 24.Nd4 Qb6 25.Kh1 Bxd4 26.Qxd4 Qxd4 27.cxd4 Rab8 28.Rab1 a4
29.Re3 Rb4 30.a3 Rb5 31.Kg1 Reb8 32.Kf1 Rxb2 33.Rc1 Ra2  0-1

[Event "14th FIDE Open"]
[Site "Voronezh RUS"]
[Date "2010.06.12"]
[Round "1"]
[White "Soboleva,A"]
[Black "Kostrikina,A"]
[Result "0-1"]
[WhiteElo "1731"]
[BlackElo "2083"]

1.e4 c5 2.Nf3 Nc6 3.Bb5 g6 4.O-O Bg7 5.d3 Nf6 6.Be3 Qb6 7.c4 O-O 8.Nc3 d6
9.h3 Be6 10.Qd2 Nd4 11.Bxd4 cxd4 12.Nd5 Nxd5 13.exd5 Bxd5 14.cxd5 Qxb5 15.Rfe1 Bf6
16.Qh6 Qxd5 17.Re4 Rfc8 18.Rxd4 Bxd4 19.Ng5 Bg7 20.Qxh7+ Kf8 21.Qh4 Qxd3
22.Re1  0-1

[Event "TCh-SUI 2010"]
[Site "Switzerland SUI"]
[Date "2010.06.13"]
[Round "4.4"]
[White "Vogt,L"]
[Black "Moor,R"]
[Result "1/2-1/2"]
[WhiteElo "2427"]
[BlackElo "2365"]

1.e4 c5 2.Nf3 Nc6 3.Bb5 e6 4.Bxc6 bxc6 5.O-O Ne7 6.d3 Ng6 7.Ng5 f6 8.Nh3 d5
9.f4 f5 10.exf5 exf5 11.Nd2 Be7 12.Qh5 O-O 13.Nf3 Qd6 14.Bd2 Bd7 15.Ne1 Bf6
16.c3 Rab8 17.Rb1 c4 18.Kh1 Rfe8 19.dxc4 dxc4 20.Nf3 c5 21.Rbd1 Ba4 22.Rde1 Bc2
23.Bc1 Bd3 24.Rg1 Rxe1 25.Rxe1 Nf8 26.Ne5 g6 27.Qf3 Be4 28.Qe2 Bd3 29.Qf3 Be4
30.Qe2 Bd3  1/2-1/2

[Event "14th Master Open"]
[Site "Voronezh RUS"]
[Date "2010.06.13"]
[Round "2"]
[White "Polonovsky,E"]
[Black "Zolotukhin,V"]
[Result "0-1"]
[WhiteElo "2169"]
[BlackElo "2358"]

1.e4 c5 2.Nf3 Nc6 3.Bb5 g6 4.O-O Bg7 5.Re1 Nf6 6.c3 O-O 7.d3 d6 8.Bxc6 bxc6
9.e5 Nd7 10.Bf4 d5 11.Bg5 h6 12.Bh4 Nb6 13.Nbd2 a5 14.Nb3 g5 15.Bg3 c4 16.Nc5 cxd3
17.Qxd3 Nd7 18.Nxd7 Bxd7 19.Nd4 c5 20.Nf5 Bxf5 21.Qxf5 e6 22.Qg4 Rb8 23.Re2 d4
24.Rd1 dxc3 25.Rxd8 Rfxd8 26.Re1 Rxb2 27.Qd1 c2 28.f4 Rxd1 29.fxg5 Bxe5 30.gxh6 Bd4+  0-1